header

Taking charge of professional development (Record no. 205844)

MARC details
000 -LEADER
fixed length control field 01472nam a2200325 a 4500
082 04 - DEWEY DECIMAL CLASSIFICATION NUMBER
Classification number 370.71/55
100 1# - MAIN ENTRY--AUTHOR NAME
Personal name Semadeni, Joseph H.
245 10 - TITLE STATEMENT
Title Taking charge of professional development
260 ## - PUBLICATION, DISTRIBUTION, ETC. (IMPRINT)
Place of publication Alexandria, Va. :
Name of publisher ASCD,
Year of publication c2009.
300 ## - PHYSICAL DESCRIPTION
Number of Pages xv, 172 p. :
Other physical details ill.
650 #0 - SUBJECT ADDED ENTRY--TOPICAL TERM
Topical Term Teachers
Topical Term Teachers
856 40 - ELECTRONIC LOCATION AND ACCESS
Uniform Resource Identifier http://site.ebrary.com/lib/rucke/Doc?id=10379930

No items available.

© 2026 Rongo University
Contact us: librarian | system librarian | Rongo university